000 00642nam a2200205Ia 4500
005 20250508161010.0
008 008 250505s9999 xx 000 0 eng d
037 _aTextual
040 _aFEDL
_beng
_cFEDL
041 _aeng
_2eng
084 _a658.3124, AME
_qFEDL
100 _aCraig Robert L Ed.
245 0 _aTraining and development hand book: A guide to human resource development
245 0 _cAmerican Society for Training and Development
250 _a2nd
260 _aNew York, USA
_bMcGraw-Hill Book Company
_c1976
300 _axiv,47-16p.
942 _cTEXL
_h658.3124, AME
999 _c1367842
_d1367842